MARC details
| 000 -LEADER |
| fixed length control field |
00844 a2200265 4500 |
| 001 - CONTROL NUMBER |
| control field |
200131213 |
| 003 - CONTROL NUMBER IDENTIFIER |
| control field |
TR-AnTOB |
| 005 - DATE AND TIME OF LATEST TRANSACTION |
| control field |
20231218120721.0 |
| 008 - FIXED-LENGTH DATA ELEMENTS--GENERAL INFORMATION |
| fixed length control field |
140116s2013 tu 000 0 |
| 020 ## - INTERNATIONAL STANDARD BOOK NUMBER |
| International Standard Book Number |
9786050201932 |
| 040 ## - CATALOGING SOURCE |
| Original cataloging agency |
TR-AnTOB |
| Language of cataloging |
eng |
| Description conventions |
rda |
| Transcribing agency |
TR-AnTOB |
| 041 ## - LANGUAGE CODE |
| Language code of text/sound track or separate title |
Türkçe |
| 050 ## - LIBRARY OF CONGRESS CALL NUMBER |
| Classification number |
B132.V3 |
| Item number |
C6619 2012 |
| 090 ## - LOCALLY ASSIGNED LC-TYPE CALL NUMBER (OCLC); LOCAL CALL NUMBER (RLIN) |
| Classification number (OCLC) (R) ; Classification number, CALL (RLIN) (NR) |
B132.V3 |
| Local cutter number (OCLC) ; Book number/undivided call number, CALL (RLIN) |
C6619 2012 |
| 100 ## - MAIN ENTRY--PERSONAL NAME |
| Personal name |
Coomaraswamy, Ananda K. |
| 9 (RLIN) |
14018 |
| 245 10 - TITLE STATEMENT |
| Title |
Doğu bilgeliği : |
| Remainder of title |
kılavuz kitap / |
| Statement of responsibility, etc. |
Ananda K. Coomaraswamy ; Rene Guenon, Surendranath Dasgupta ; çev. Ahmet Aydoğan ; ed. Derya Önder. |
| 264 #1 - PRODUCTION, PUBLICATION, DISTRIBUTION, MANUFACTURE, AND COPYRIGHT NOTICE |
| Place of production, publication, distribution, manufacture |
İstanbul: |
| Name of producer, publisher, distributor, manufacturer |
Say Yayınları, |
| Date of production, publication, distribution, manufacture, or copyright notice |
2012 |
| 300 ## - PHYSICAL DESCRIPTION |
| Extent |
152 s. ; |
| Dimensions |
21 cm. |
| 490 0# - SERIES STATEMENT |
| Series statement |
Say Yayınları Doğu Bilgeliği Dizisi ; |
| Volume/sequential designation |
1 |
| 650 07 - SUBJECT ADDED ENTRY--TOPICAL TERM |
| Topical term or geographic name entry element |
Hindu philosophy |
| Source of heading or term |
etuturkob |
| 9 (RLIN) |
95353 |
|
| Topical term or geographic name entry element |
Yoga |
| 9 (RLIN) |
95355 |
|
| Topical term or geographic name entry element |
Vedanta |
| 9 (RLIN) |
95356 |
| 942 ## - ADDED ENTRY ELEMENTS (KOHA) |
| Koha item type |
Book |
| Source of classification or shelving scheme |
Library of Congress Classification |